Loading...
| Fine Arts - Classical Music | 0 | 3 | 0 | 0 | 30 | 112 | 123.67 | 2 | 3 | 0.00 | 0.00 |
| History - European | 0 | 3 | 0 | 3 | 30 | 129 | 133.00 | 1 | 3 | 0.00 | 0.00 |
| Religion | 0 | 3 | 0 | 2 | 30 | 97 | 117.67 | 2 | 3 | 0.00 | 0.00 |
| Social Science | 0 | 3 | 0 | 0 | 30 | 106 | 111.33 | 0 | 3 | 0.00 | 0.00 |
| Mythology | 0 | 3 | 1 | 0 | 25 | 95 | 124.33 | 1 | 3 | 0.00 | 0.00 |
| Philosophy | 0 | 2 | 0 | 0 | 20 | 130 | 134.50 | 0 | 2 | 0.00 | 0.00 |
| Fine Arts - Other | 0 | 1 | 0 | 1 | 10 | 127 | 127.00 | 1 | 1 | 0.00 | 0.00 |
| Literature - British | 0 | 1 | 0 | 0 | 10 | 42 | 42.00 | 1 | 1 | 0.00 | 0.00 |
| Other Academic | 0 | 1 | 0 | 0 | 10 | 62 | 62.00 | 1 | 1 | 0.00 | 0.00 |
| Literature - American | 0 | 1 | 0 | 0 | 10 | 133 | 133.00 | 1 | 1 | 0.00 | 0.00 |
| Pop Culture | 0 | 1 | 0 | 0 | 10 | 129 | 129.00 | 0 | 1 | 0.00 | 0.00 |
| History - American | 0 | 1 | 1 | 1 | 5 | 122 | 122.00 | 0 | 1 | 0.00 | 0.00 |
| History - Other | 0 | 2 | 3 | 2 | 5 | 125 | 130.00 | 0 | 2 | 0.00 | 0.00 |
| Science - Chemistry | 0 | 0 | 0 | 0 | 0 | 0.00 | 0 | 0 | 0.00 | 0.00 | |
| Science - Biology | 0 | 0 | 0 | 0 | 0 | 0.00 | 0 | 0 | 0.00 | 0.00 | |
| Fine Arts - Painting and Sculpture | 0 | 0 | 0 | 0 | 0 | 0.00 | 0 | 0 | 0.00 | 0.00 | |
| Geography | 0 | 0 | 0 | 0 | 0 | 0.00 | 0 | 0 | 0.00 | 0.00 |